| 000 | 00688cam a2200229 a 4500 | ||
|---|---|---|---|
| 001 | ca 25001305 | ||
| 003 | DLC | ||
| 005 | 20260227111116.0 | ||
| 008 | 840907s1924 ksu 000 0 eng | ||
| 010 | _aca 25001305 | ||
| 040 |
_aDLC _cDLC _dDLC |
||
| 050 | 0 | 0 |
_aQP38 _b.R2 |
| 051 |
_aAC1 _b.L8 no. 703 |
||
| 100 | 1 |
_aRandolph, Vance, _d1892- |
|
| 245 | 1 | 0 |
_aPhysiology self taught / _cVance Randolph. |
| 260 |
_aGirard, Kan. : _bHaldeman-Julius Co., _cc1924. |
||
| 300 |
_a6 [i.e. 64] p. : _bill. ; _c13 cm. |
||
| 440 | 0 |
_aLittle blue book ; _vno. 703 |
|
| 500 | _aPage number misprinted on final page. | ||
| 500 | _aPublisher's advertisements on p. 63-[64]. | ||
| 650 | 0 | _aPhysiology. | |
| 999 |
_c16074 _d16074 |
||